000 00440nam a2200157 a 4500
005 20140412111314.0
008 010320s19uu xx 00 eng d
020 _a1-56144-716-1
050 _aER
_bMo71Se 1996
245 _aMother Goose's seasons /
_cillustrated by Tammie Speer-Lyon.
260 _aNew York :
_bModern Publishing,
_c1996.
300 _a1 v. (unp.) ; ill.
440 _aRead-A-Rhyme
650 _aRhymes
999 _c104135
_d104135